00963nac a22002411u 4500010001600000020001700016082001800033090001500051100003400066245007700100250001200177260004100189300003400230440004400264504003900308650002900347700002000376856008500396856007300481942002000554999001500574952013200589 a 85019744 a0070032122 :00a660.63bB1541 c4481d4481 aBailey, James E. 10aBiochemical engineering fundamentals /cJames E. Bailey, David F. Ollis. a2nd ed. aNew York :bMcGraw-Hill,1986cc1986. axxi, 984 p. :bill. ;c24 cm. 0aMcGraw-Hill chemical engineering series aIncludes bibliographies and index. 0aBiochemical engineering.1 aOllis, David F.423Publisher descriptionuhttp://www.loc.gov/catdir/description/mh022/85019744.html423Table of contentsuhttp://www.loc.gov/catdir/toc/mh021/85019744.html cBBk660.63B1541 c4481d4481 00104070aMAINbMAINc1STd2007-09-09ePurchasel2m2o660.63 BAIp000000183q2019-09-22r2019-01-03 00:00:00s2019-01-03yBB